Łatwy quiz dla GeoMex'a (Koloryzowane) - Statystyki

Ogólne statystyki
  • Ten quiz został rozwiązany 69 razy
  • Średni wynik to 3 z 10
Statystyki odpowiedzi
Pytanie: Odpowiedź: % Poprawnych
1. największe miasto Kostaryki i zarazem stolica tego państwa to? San Jose
73%
8. Co znaczy skrót "Geo" Geografia
53%
7. Państwo większe od watykanu ale mniejsze od Nauru to? Monako
51%
6. Do jakiego państwa należy wyspa thassos? Grecja
40%
3. najdłuższa rzeka w polsce to? Warta
33%
4. Ile km2 ma dostępu do morza Bośnia i Hercegowina? 20
20%
5. Wracając do pytania 4. Jakie jest największe miasto leżące nad Bośniackimi plażami? Neum
15%
2. Co przedstawia herb miasta Puławy? Rycerza
11%
9. Najdłuższa nazwa miasta na świecie to? (trudne) Llanfairpwllgwyngyllgogerychwyrndrobwllllantysiliogogogoch
9%
10. wracając do pytania 9. Gdzie leży to miasto? Walja
7%
Nie znaleziono quizów pasujących do podanych kryteriów
Rozkład punktacji
Procent ludzi z każdym wynikiem
Percentyl według liczby udzielonych odpowiedzi
Twoja historia wyników
Nie rozwiązałeś tego quizu